| 000 | 00766nam a2200229 a 4500 | ||
|---|---|---|---|
| 001 | 39472 | ||
| 003 | BD-RjUL | ||
| 005 | 20211209053010.0 | ||
| 008 | 160411s2012 bg |||| |||| 00| 0 ben d | ||
| 020 |
_a9789848689 _c: TK. 120.00 |
||
| 035 | _a(BD-RjUL)39585 | ||
| 040 |
_aBD-RjUL _bben _cBD-RjUL |
||
| 041 | _aben | ||
| 082 |
_223 _a891.441 _bALB 2012 |
||
| 100 |
_aআলী, মো. নওসাদ _9120284 |
||
| 245 |
_aবসন্ত অধ্যায় / _cমো. নওসাদ আলী |
||
| 260 |
_aঢাকা : _bমুক্তাদেশ প্রকাশন, _c২০১২ |
||
| 300 |
_a৯৬ পৃ. ; _c২২ সেমি. |
||
| 650 |
_aবাংলা কবিতা _9121643 |
||
| 650 |
_aBengali Poetry _9121644 |
||
| 942 |
_2ddc _cBK |
||
| 999 |
_c39472 _d39472 |
||